| 000 | 00686nam a2200301Ia 4500 | ||
|---|---|---|---|
| 005 | 20260401122217.0 | ||
| 008 | 008 250103s9999 xx 000 0 eng d | ||
| 020 | _a826459013 | ||
| 037 | _aTB | ||
| 040 | _aEDL | ||
| 040 | _beng | ||
| 040 | _cEDL | ||
| 041 | _2eng | ||
| 041 | _aeng | ||
| 084 | _a801.95 DUT | ||
| 084 | _qEDL | ||
| 100 |
_aDuttmann, Alexander _91232920 |
||
| 245 | 4 | _aThe Memory of Thought: An Essays on Heidegger and Adorno | |
| 245 | 0 | _cDuttmann, Alexander | |
| 260 | _aLondon | ||
| 260 | _bContinuum | ||
| 260 | _c2002 | ||
| 300 | _a338p | ||
| 942 | _cTB | ||
| 942 | _h801.95 DUT | ||
| 999 |
_c1845665 _d1845665 |
||